| 000 | 03288nam0a2200373 i 4500 | ||
|---|---|---|---|
| 001 | RU\NLR\BIBL_A\010887667 | ||
| 005 | 20260405120931.0 | ||
| 010 |
_a9785959202002 _9500 |
||
| 021 |
_aRU _b2015-81202 _94933 |
||
| 035 | _a(NLR Aleph) 010887667 | ||
| 090 |
_a10534870 _c10534870 |
||
| 100 | _a20151112d2014 k y0rusy50 ca | ||
| 101 | 0 | _arus | |
| 102 | _aRU | ||
| 105 | _a |||z|||101 | ||
| 200 | 1 |
_aДетское творчество с разными материалами _eматериалы III городской выставки методической продукции [и семинара "Проблемы и перспективы развития учебно-исследовательской и экспериментальной деятельности в отделах ИЗО и ДПИ системы дополнительного образования детей", проходивших в рамках фестиваля], Санкт-Петербург, 6-19 февраля 2013 _fЕжегод. город. фестиваль "Дорога творчества - 2013" _g[редкол.: О. Л. Некрасова-Каратеева (общ. ред.)...А. В. Соболева ред.-сост.] |
|
| 210 |
_aСанкт-Петербург _cЭкспресс _d2014 |
||
| 215 |
_a107 с. _cил. _d21 |
||
| 300 | _aВ надзаг.: Ком. по образованию Правительства Санкт-Петербурга, ГБОУ ЦО "С.-Петерб. гор. дворец творчества юных" | ||
| 320 | _aАлф. указ.: с. 103 | ||
| 606 | 1 |
_aДетское художественное творчество _jСъезды, совещания и т.п _yСанкт-Петербург, город _92268440 _3RU\NLR\AUTH\6601588989 |
|
| 675 | _a374 | ||
| 686 | 1 | _aЧ421.385.35я431 | |
| 702 | 1 |
_4340 _8rus _7ca _aНекрасова-Каратеева _bО. Л. _gОльга Леонидовна _3RU\NLR\AUTH\7747026 _929961 |
|
| 702 | 1 |
_4340 _7ca _8rus _aСоболева _bА. В. _cпедагог, дет. творчество _gАнна Валерьевна _9153791 _3RU\NLR\AUTH\770153829 |
|
| 711 | 1 | 2 |
_a"Детское творчество с разными материалами", городская выставка методической продукции _d3 _eСанкт-Петербург _f2013 _9491100 _3RU\NLR\AUTH\880412907 |
| 711 | 1 | 2 |
_a"Проблемы и перспективы развития учебно-исследовательской и экспериментальной деятельности в отделах ИЗО и ДПИ системы дополнительного образования детей", семинар _eСанкт-Петербург _f2013 _9491104 _3RU\NLR\AUTH\880412909 |
| 711 | 1 | 2 |
_a"Дорога творчества - 2013", городской фестиваль _eСанкт-Петербург _9491110 _3RU\NLR\AUTH\880412912 |
| 801 | 0 |
_aRU _bРГБ _c20151020 _gRCR |
|
| 801 | 2 |
_aRU _bРГБ _c20151026 _grcr |
|
| 942 | _cBOOK | ||
| 980 | _aNBR | ||